A naturalist on Lake Victoria. With an account of sleeping sickness and the tse tse fly. With 2 coloured plates, a map, charts, and 87 illustrations
Sábháilte in:
| Príomhchruthaitheoir: | |
|---|---|
| Formáid: | LEABHAR |
| Teanga: | Béarla |
| Foilsithe / Cruthaithe: |
Londres
T. Fisher Unwin Ltd
1920
|
| Eagrán: | 1a. ed |
| Ábhair: | |
| Clibeanna: |
Cuir clib leis
Níl clibeanna ann, Bí ar an gcéad duine le clib a chur leis an taifead seo!
|
MARC
| LEADER | 00000nam a2200000 a 4500 | ||
|---|---|---|---|
| 001 | UCJ4854 | ||
| 003 | CL-VaPUC | ||
| 008 | 070124e19200000UK |||||||||||||||||eng|d | ||
| 082 | 0 | 4 | |a 910.4 |b CAR |2 21 |
| 100 | 0 | |a Carpenter, G. D. Hale |e author |9 509308 | |
| 245 | 1 | 2 | |a A naturalist on Lake Victoria. With an account of sleeping sickness and the tse tse fly. With 2 coloured plates, a map, charts, and 87 illustrations |
| 250 | |a 1a. ed | ||
| 300 | |a xxiv, 333 p | ||
| 942 | |c BK | ||
| 945 | |d 20070124 00:00:00 |a rinostro | ||
| 260 | |a Londres |b T. Fisher Unwin Ltd |c 1920 | ||
| 500 | |a Dos láminas coloreadas, numerosas fotografías, un mapa del área estudiada y tablas con registros epidemiológicos. A modo de apéndice comercial, incluye al final publicidad librera | ||
| 650 | 0 | |a Viajes |9 257115 | |
| 650 | 0 | |a Expediciones científicas |9 265222 | |
| 650 | 7 | |a ENFERMEDADES ENDEMICAS |2 CL-VaPUC |9 509309 | |
| 650 | 7 | |a ENFERMEDAD DEL SUEÑO |2 CL-VaPUC |9 509310 | |
| 650 | 7 | |a MOSCA TSE TSE |2 CL-VaPUC |9 509311 | |
| 650 | 7 | |a FLORA |2 CL-VaPUC |9 264745 | |
| 650 | 7 | |a FAUNA |2 CL-VaPUC |9 349523 | |
| 650 | 0 | |a Población |9 257577 | |
| 650 | 0 | |a Clima |9 265281 | |
| 651 | 0 | |a África |9 256790 | |
| 651 | 7 | |a UGANDA |2 CL-VaPUC |9 356079 | |
| 651 | 7 | |a LAGO VICTORIA |2 CL-VaPUC |9 505950 | |
| 583 | |a last modification |c 20070124 00:00:00 |k Rodrigo Vera | ||
| 999 | |c 320969 |d 320967 | ||
| 952 | |0 0 |1 0 |4 0 |6 910_400000000000000_CAR_1920 |7 0 |8 X |9 399617 |a FDOBUD |b FDOBUD |d 2019-11-22 |i 1027034 |o 910.4 CAR 1920 |p 1027034 |r 2019-11-22 |w 2019-11-22 |y BK_X |k BUD | ||